Matemáticas fáciles - Porrazos - Estadísticas

Estadísticas generales
  • Esta prueba ha sido intentada 958 veces
  • La puntuación promedio es 11 de 20
Estadísticas de respuestas
Problema Solución % Correcto
7×1 7
86%
2+4+2 8
82%
4+5 9
82%
8+1 9
82%
1+2+2 5
81%
6+1 7
81%
60/10 6
80%
1+6+2 9
80%
2-2 0
78%
12-10 2
78%
5+2 7
78%
10-1 9
76%
6-6 0
75%
15/3 5
75%
1+4+1 6
75%
3+6 9
75%
4+3+2 9
75%
6-4 2
74%
2×1 2
74%
40/10 4
74%
4+1 5
74%
5×1 5
74%
9/9 1
73%
48/8 6
73%
4×2 8
73%
20/5 4
72%
9-4 5
72%
25/5 5
72%
1+6 7
72%
14/2 7
72%
6/6 1
71%
6-3 3
71%
1+3 4
71%
14-10 4
71%
6-1 5
71%
35/7 5
71%
1+7 8
71%
2+1+5 8
71%
1×9 9
71%
3×3 9
71%
3-3 0
70%
3+1 4
70%
7-3 4
70%
12-8 4
70%
1+4 5
70%
14-9 5
70%
5+1+2 8
70%
9/1 9
70%
90/10 9
70%
5-5 0
69%
18/6 3
69%
30/10 3
69%
5-1 4
69%
1×4 4
69%
12/2 6
69%
16-9 7
69%
1+1+5 7
69%
4+4+1 9
69%
6-5 1
68%
7-6 1
68%
7/7 1
68%
10/5 2
68%
10-6 4
68%
7-2 5
68%
30/6 5
68%
1×8 8
68%
3+1+4 8
68%
5+2+1 8
68%
19-10 9
68%
2+5+2 9
68%
4/4 1
67%
11-9 2
67%
10/2 5
67%
1×6 6
67%
7+1 8
67%
2×4 8
67%
3+5+1 9
67%
6+1+2 9
67%
13-4 9
66%
2/2 1
65%
8/8 1
65%
9/3 3
65%
9-5 4
65%
1+5 6
65%
12-6 6
65%
70/10 7
65%
4+2+1 7
65%
2+3+3 8
65%
4+3+1 8
65%
27/3 9
65%
2+2+5 9
65%
2+6+1 9
65%
5+1+3 9
65%
3-2 1
64%
4-2 2
64%
5-3 2
64%
12/6 2
64%
6/2 3
64%
11-7 4
64%
8-3 5
64%
14-7 7
64%
3+2+2 7
64%
15-6 9
64%
11-10 1
63%
4/2 2
63%
8/4 2
63%
12/4 3
63%
15-10 5
63%
2+2+1 5
63%
5+1 6
63%
42/7 6
63%
1+2+3 6
63%
4+1+1 6
63%
3+4 7
63%
3+3+1 7
63%
1+5+2 8
63%
18-9 9
63%
72/8 9
63%
2+4+3 9
63%
6+2+1 9
63%
15/5 3
62%
6-2 4
62%
1+6+1 8
62%
17-8 9
62%
9×1 9
62%
1+7+1 9
62%
10-10 0
61%
8-4 4
61%
4×1 4
61%
10-4 6
61%
1+3+2 6
61%
2+5 7
61%
15-8 7
61%
7/1 7
61%
2+6 8
61%
16/2 8
61%
12/3 4
60%
20/4 5
60%
7-1 6
60%
8-2 6
60%
9-3 6
60%
1+5+1 7
60%
9-1 8
60%
4+2+2 8
60%
14-5 9
60%
1-1 0
59%
12-9 3
59%
1+1+1 3
59%
2×3 6
59%
12/2 6
59%
12-5 7
59%
1+3+3 7
59%
1+4+3 8
59%
2+2+4 8
59%
16-7 9
59%
5/5 1
58%
3-1 2
58%
5-2 3
58%
1×3 3
58%
28/7 4
58%
1+2+1 4
58%
2+4 6
58%
5+1+1 7
58%
16-8 8
58%
7+1+1 9
58%
1×1 1
57%
4-1 3
57%
21/7 3
57%
2+2 4
57%
30/5 6
57%
2+1+3 6
57%
1×7 7
57%
4+1+2 7
57%
8×1 8
57%
1+3+4 8
57%
5+4 9
57%
1+3+5 9
57%
9-9 0
56%
5-4 1
56%
3/3 1
56%
10-8 2
56%
9-6 3
56%
3/1 3
56%
10-5 5
56%
13-7 6
56%
1+2+4 7
56%
5+3 8
56%
2+1+6 9
56%
4-3 1
55%
1+1+2 4
55%
3+2 5
55%
1×5 5
55%
3+3 6
55%
6/1 6
55%
1+1+4 6
55%
42/6 7
55%
48/6 8
55%
80/10 8
55%
1+2+5 8
55%
2+5+1 8
55%
3+4+1 8
55%
1+8 9
55%
12-3 9
55%
4-4 0
54%
2-1 1
54%
6/3 2
54%
11-6 5
54%
2+1+2 5
54%
5+2+2 9
54%
7-7 0
53%
8-7 1
53%
18/9 2
53%
20/10 2
53%
27/9 3
53%
16/4 4
53%
13-6 7
53%
10-2 8
53%
1+1+7 9
53%
4+1+4 9
53%
8-6 2
52%
4/1 4
52%
32/8 4
52%
13-8 5
52%
40/8 5
52%
14-8 6
52%
16-10 6
52%
3×2 6
52%
36/6 6
52%
2+2+2 6
52%
21/3 7
52%
49/7 7
52%
12-4 8
52%
13-5 8
52%
17-9 8
52%
18-10 8
52%
8/1 8
52%
6+1+1 8
52%
1+2+6 9
52%
2+3+4 9
52%
3+1+5 9
52%
13-9 4
51%
10-3 7
51%
10-9 1
50%
1+1 2
50%
8-5 3
50%
10-7 3
50%
13-10 3
50%
24/8 3
50%
2×2 4
50%
2+1+1 4
50%
1+3+1 5
50%
3+1+1 5
50%
6×1 6
50%
3+2+1 6
50%
1+4+2 7
50%
2+4+1 7
50%
3+5 8
50%
4+4 8
50%
6+2 8
50%
11-3 8
50%
14-6 8
50%
1+1+6 8
50%
4+1+3 8
50%
11-2 9
50%
18/2 9
50%
3+4+2 9
50%
8-8 0
48%
8/2 4
48%
50/10 5
48%
3+1+2 6
48%
2+1+4 7
48%
2+2+3 7
48%
1+4+4 9
48%
12-7 5
47%
4+2 6
47%
18/3 6
47%
2+3+2 7
47%
7+2 9
47%
45/5 9
47%
7-4 3
46%
3×1 3
46%
5/1 5
46%
56/8 7
46%
2+3+1 6
45%
24/3 8
45%
1+5+3 9
45%
5+3+1 9
45%
1/1 1
44%
2/1 2
44%
14/7 2
44%
11-8 3
44%
2+3 5
44%
63/9 7
44%
64/8 8
44%
1+1+3 5
43%
40/5 8
43%
81/9 9
43%
1×2 2
42%
11-5 6
42%
15-9 6
42%
4+3 7
42%
72/9 8
42%
3+3+2 8
42%
36/4 9
42%
4+2+3 9
42%
9-8 1
41%
10/10 1
41%
3+1+3 7
41%
16/8 2
40%
24/6 4
40%
3+2+3 8
40%
6+3 9
40%
17-10 7
39%
8-1 7
38%
32/4 8
38%
63/7 9
38%
7-5 2
37%
15-7 8
37%
9-7 2
36%
1+2 3
36%
35/5 7
36%
3+2+4 9
36%
2+1 3
35%
36/9 4
35%
45/9 5
35%
9-2 7
35%
56/7 8
34%
11-4 7
33%
3+3+3 9
33%
28/4 7
31%
2+7 9
31%
24/4 6
23%
54/6 9
21%
54/9 6
19%
No se encontraron pruebas coincidentes
Distribución de puntuación
Porcentaje de gente con cada puntuación
Porcentaje por número respondido
Historial de tus puntuaciones
No has intentado esta prueba.